Adapting shops for sensory disabilites (Record no. 85193)
[ view plain ]
| 000 -LEADER | |
|---|---|
| fixed length control field | 00731cab a22002055a 4500 |
| 001 - CONTROL NUMBER | |
| control field | L160225 |
| 008 - FIXED-LENGTH DATA ELEMENTS--GENERAL INFORMATION | |
| fixed length control field | 190429e2019 xxk 000 0 eng d |
| 035 ## - SYSTEM CONTROL NUMBER | |
| System control number | (Sirsi) u160225 |
| 041 0# - LANGUAGE CODE | |
| Language code of text/sound track or separate title | eng |
| 100 1# - MAIN ENTRY--PERSONAL NAME | |
| Personal name | Hobbs, Nick |
| 245 00 - TITLE STATEMENT | |
| Title | Adapting shops for sensory disabilites |
| 260 ## - PUBLICATION, DISTRIBUTION, ETC. | |
| Date of publication, distribution, etc. | 2019 |
| 490 ## - SERIES STATEMENT | |
| Series statement | RICS Property Journal |
| Volume/sequential designation | January-February 2019, 38-40(3) |
| 520 ## - SUMMARY, ETC. | |
| Summary, etc. | Shopping centres are helping customers with sensorydisabilities such as autism by hosting special Sensory days. Includes case studies and offers tips on making shopping centres more sensory accessible. |
| 590 ## - LOCAL NOTE (RLIN) | |
| Local note | NTK |
| 651 #4 - SUBJECT ADDED ENTRY--GEOGRAPHIC NAME | |
| Geographic name | United Kingdom |
| 690 ## - LOCAL SUBJECT ADDED ENTRY--TOPICAL TERM (OCLC, RLIN) | |
| Topical term or geographic name as entry element | Commercial property |
| 9 (RLIN) | 6227 |
| 690 ## - LOCAL SUBJECT ADDED ENTRY--TOPICAL TERM (OCLC, RLIN) | |
| Topical term or geographic name as entry element | Property management |
| 9 (RLIN) | 6262 |
| 942 ## - ADDED ENTRY ELEMENTS (KOHA) | |
| Suppress in OPAC | 0 |
| Source of classification or shelving scheme | Dewey Decimal Classification |
| Withdrawn status | Lost status | Source of classification or shelving scheme | Damaged status | Not for loan | Home library | Current library | Shelving location | Date acquired | Total Checkouts | Full call number | Barcode | Date last seen | Copy number | Price effective from | Koha item type |
|---|---|---|---|---|---|---|---|---|---|---|---|---|---|---|---|
| Dewey Decimal Classification | London | London | Journals | 29/04/2019 | L160225 | 160225-1001 | 06/08/2019 | 1 | 06/08/2019 | Journal article |